Защо избягаха куклите (Запис номер 116565)
[ съкратено ]
| 000 -Лидер | |
|---|---|
| Контролно поле с фиксирана дължина | 01338nam a2200301 c 4500 |
| 003 - Код на организацията, давaща контролен номер | |
| Контролно поле | BLK |
| 005 - Дата и час на последна редакция | |
| Контролно поле | 20180422110409.0 |
| 008 - Елементи от данни с фиксирана дължина | |
| fixed length control field | 180409b bul|||||r ||||||| ||bul|| |
| 010 ## - Наследен системен номер | |
| LC control number | KNG00122121000 |
| 040 ## - Източник на каталожния запис | |
| Идентификатор на билиотеката - собственик на записа | BLK |
| 041 ## - Код за език | |
| Код за езика на текст/звукозапис или на отделно заглавие | Български |
| Код за езика КДБФ | Български |
| 080 ## - УДК | |
| Текстов определител УДК | Литовска литература |
| УДК код - определител по УДК | 821.172 |
| УДК определител | -32 |
| УДК - код + определител | 821.172-32 |
| 100 1# - Редна дума - Автор | |
| Автор | Авижюс, Йонас |
| Авторска отговорност | първи автор |
| R(LIN) | 29216 |
| 139 ## - Редно поле | |
| Редна дума | Авижюс, Йонас |
| Авторски знак | Ави - А 19 |
| 245 10 - Сведения за заглавието | |
| Заглавие | Защо избягаха куклите |
| Подзаглавни данни | Повести за деца |
| Редно поле (дума) | Йонас Авижюс; прев. от литов. Иван Илиев Троянски; худож. Никола Ковачев. |
| 257 ## - Страна на издаване | |
| Страна на създаване/издаване | Литва |
| 260 ## - Област на издателските данни | |
| -- | София |
| Име на издателя, разпространителя и проч. | Нар. младеж |
| Година на издаване | 1983 |
| 300 ## - Физическа характеристика | |
| Страници | 132 с. |
| Илюстрации и др. | с ил. |
| Размери/Мащаб | 22 см |
| 380 ## - Жанр | |
| Жанр | Детска худож. лит. |
| 500 ## - Общи забележки | |
| Забележка | Ориг. загл. Astunedas is Trepses namu / Jonas Avyzius. - Съдържа и повестта Обитателите на Великия залив |
| 700 1# - Други автори (авторска отговорност) | |
| Лично име | Троянски, Иван Илиев |
| Автороска отговорност (Описва отношението между автора и произведението) | прев. от литов. |
| 9 (RLIN) | 376432 |
| 700 1# - Други автори (авторска отговорност) | |
| Лично име | Ковачев, Никола |
| Автороска отговорност (Описва отношението между автора и произведението) | худож. |
| 9 (RLIN) | 276176 |
| 852 ## - Местоположение | |
| Форматна сигнатура | Цб 210863 |
| 856 4# - Електронен адрес и достъп | |
| Електронен формат | pdf - файл |
| Път до файла /url/ | |
| 856 4# - Електронен адрес и достъп | |
| Електронен формат | pdf - файл |
| Път до файла /url/ | |
| 942 ## - АРТИКУЛИ | |
| Вид на библиотечния материал | Книги |
| Скрит в OPAC | Не |
| 944 ## - СЪЗДАВАНЕ И РЕДАКЦИЯ на ЗАПИСА | |
| Създаване/Редакция | Създаване |
| Дата на регистрацията/редакция | 18.03.2011 |
| Статус, дата на статуса | добави в АБ / 17.03.2011 |
| Служител, извършил регистрацията/редакцията | Кети_Илиева |
| 944 ## - СЪЗДАВАНЕ И РЕДАКЦИЯ на ЗАПИСА | |
| Създаване/Редакция | Редакция |
| Дата на регистрацията/редакция | 27.09.2017 |
| Статус, дата на статуса | добави в АБ / 17.03.2011 |
| Служител, извършил регистрацията/редакцията | Кети_Илиева |
| 999 ## - СИСТЕМНИ КОНТРОЛНИ НОМЕРА | |
| Koha biblionumber | 116565 |
| Koha biblioitemnumber | 116565 |
| Код за отписване | Код за изгубен артикул | Източник на класификационната схема | Код за повреда | Коз за рестрикции | Код за отдаване | Артикулен № | Име на библиотеката - собственик | Име на библиотеката, в която се намира в момента | Статус (Текущо местоположение) | Дата на вписване в системата | Местоположение - отдел | Цена в лева | Инвентарен номер | Систематично азбучна сигнатура | Баркод | Номер на екземпляра | Цена в евро | Служебна бележка | Служебен тип на артикула | Бележка за публиката |
|---|---|---|---|---|---|---|---|---|---|---|---|---|---|---|---|---|---|---|---|---|
| Не е изгубен | Universal Decimal Classification | Не е повреден | без рестрикции | ползва се в читалня | 187830 | Регионална библиотека "Любен Каравелов" Русе | Регионална библиотека "Любен Каравелов" Русе | Хранилище | 1983-01-01 | Хранилище | 0.69 | 381683 | Цб 210863 | 120000381683 | 1 | 0.35 | Вид: СФ Дата: 01.01.1983 | Книги | ||
| Изтеглен | Не е изгубен | Universal Decimal Classification | Не е повреден | без рестрикции | заемане за дома | 187831 | Регионална библиотека "Любен Каравелов" Русе | Регионална библиотека "Любен Каравелов" Русе | Детски отдел | 1983-01-01 | Детски отдел | 0.69 | 380475 | ДХ 820/899/А 19 | 380475 | 2 | 0.35 | Вид: СФ Дата: 01.01.1983 Дата инв: 07.09.2015 Бележки инв: Д2015 | Книги | |
| Изтеглен | Не е изгубен | Не е повреден | без рестрикции | заемане за дома | 187832 | Регионална библиотека "Любен Каравелов" Русе | Регионална библиотека "Любен Каравелов" Русе | 1983-01-01 | Детски отдел | 0.69 | 380477 | ДХ 820/899/А 19 | 380477 | 3 | 0.35 | Вид: СФ Дата: 01.01.1983 Дата инв: 14.09.2015 Бележки инв: Д2015 | Книги | Отч.N: 41/2017 , Дата: 08.09.2017 |